00976nam a2200229 a 450000100060000000300090000600800410001502000150005604000280007108200150009910000330011424500280014726000470017530000110022265000380023365000290027194200120030099900170031295201500032995201360047995201310061518282CO-ViMGA141112s2004 ck r 000 u spa d a9706510311 aCO-ViMGAbspacCO-ViMGA04a323.4 R3771 aRestrepo, Luis Carlos92604210aEl Derecho a la Ternura aBogotá, cOceano Arango Editores, c1997 a141 p.14aDERECHOS CIVILES - ENSAYOS92604314aTERNURA - ENSAYOS926044 2ddccBK c27627d27627 00102ddc40708002aMEVIECARbMEVIECARd2015-12-04hVolumen. 1 | 11/jun/2009l0o323.4 R377 p18282r2015-12-04 00:00:00tEj. 1w2015-12-04yBK 00102ddc40708001aMEACACIAbMEACACIAcGENd2023-10-24l0o302.14 R27d Ej.1pACA02028r2023-10-24 21:32:17tEj.1w2023-10-24yBK 00102lcc40708GENaMEPCONCObMEPCONCOcGENd2026-01-29l0o323.4 R377pPCON00455r2026-01-29 21:49:35tEj.1w2026-01-29yBK